LEADER 01627nam0 22002531i 450 001 UON00397812 005 20231205104642.837 100 $a20110929d1746 |0itac50 ba 101 $ager 102 $aDE 140 $a||||||||| ||||||||| 200 1 $aSammlung von Johann Christian Günthers, aus Schlesien, bis anhero herausgegebenen Gedichten : auf das neue Übersehen und in einer bessern Wahl und Ordnung mit einem Anhang und Register, nebst des Autoris Leben und einer Vorrede von den so nöthigen als nützlichen Eigenschafften der Poesie an das Licht gestellet 210 $a Bresslau$aLeipzig$cBey Michael Hubert$d1746 215 $a30, 1178 p.$d19 cm. [rilegato insieme a: Nachlese zu Johann Christian Gunthers von Striegau aus Schlesien Gedichten..] 620 $aDE$dLeipzig$3UONL003218 620 $dBresslau$3UONL004899 700 1$aGünther$bJohann Christian$3UONV204361$0436813 712 $aHubert, Michael$3UONV278608$4650 801 $aIT$bSOL$c20241108$gRICA 899 $aSIBA - SISTEMA BIBLIOTECARIO DI ATENEO$2UONSI 912 $aUON00397812 950 $aSIBA - SISTEMA BIBLIOTECARIO DI ATENEO$dSI ANT A XVIII 0057 $eSI LO177016 7 0057 $sBuono 996 $aSammlung von Johann Christian Günthers, aus Schlesien, bis anhero herausgegebenen Gedichten : auf das neue Übersehen und in einer bessern Wahl und Ordnung mit einem Anhang und Register, nebst des Autoris Leben und einer Vorrede von den so nöthigen als nützlichen Eigenschafften der Poesie an das Licht gestellet$91347743 997 $aUNIOR